[Event "Marshall Chess Club IM 2020"]
[Site "New York"]
[Date "2020.02.29"]
[Round "6"]
[White "Lund, Silas"]
[Black "Fikiet, Alex"]
[Result "0-1"]
[WhiteElo "2340"]
[BlackElo "2217"]
[Annotator "TA"]
[PlyCount "54"]
[EventDate "2020.02.27"]
[EventType "tourn"]
[EventCountry "USA"]
[SourceTitle "playchess.com"]
[Source "ChessBase"]
[SourceQuality "1"]

{[%evp 9,54,-48,-54,-66,0,0,16,-23,-26,-43,0,-103,-94,-66,-72,-84,0,0,0,0,77,0,
0,0,0,-2,-6,-42,-9,-65,0,-14,-14,-26,-14,-26,-24,-92,-50,-236,-227,-224,-235,
-434,-427,-29993,-29994]} 1. d4 d5 2. c4 dxc4 3. Nf3 a6 4. a4 Nc6 5. e4 Bg4 {
[#]} 6. d5 $146 {D21: Queen's Gambit Accepted: 3 Nf3 sidelines.} ({Predecessor:
} 6. Bxc4 e6 7. Be3 Bxf3 8. gxf3 Qf6 9. e5 Qh4 10. f4 O-O-O 11. Nc3 Bc5 12. Ne2
Nxd4 13. Nxd4 Bxd4 {0-1 (37) Cofman,V (2205)-Vorobiov,E (2566) Neustadt an der
Weinstrasse 2019}) 6... Ne5 (6... Na5 $15) 7. Bf4 $11 Ng6 8. Be3 {The position
is equal.} e6 9. Bxc4 {Strongly threatening Qb3.} Nh4 (9... Ne5 $5 10. Be2 Bxf3
11. gxf3 exd5 $11) 10. O-O {[#]} (10. Kf1 $11) 10... Bxf3 $1 $17 11. gxf3 Qf6 {
[%mdl 64] Double Attack} 12. Kh1 Nxf3 ({Black should play} 12... O-O-O $17 13.
Qe2 exd5 14. Bxd5 Bb4) 13. Nd2 $1 $11 {[%cal Rd2f3]} Nxd2 14. Bxd2 Nh6 (14...
O-O-O $11 {keeps the balance.}) 15. Bxh6 (15. Rg1 $16) 15... Qxh6 $40 {[%mdl
128] White needs to defend precisely.} 16. dxe6 fxe6 {aiming for ...Bd6.} 17.
f4 Rd8 18. Qe1 Bc5 19. Rd1 (19. b4 $11 Be7 20. Rd1) 19... Qf6 ({Black should
try} 19... Rxd1 $15 20. Qxd1 Rf8) 20. e5 Qf5 21. Rxd8+ Kxd8 22. Qd1+ Kc8 {
...Qe4+ is the strong threat.} 23. Bd3 (23. Qb1 $11) 23... Qh3 24. f5 $2 {
This costs White the game.} (24. Qf3 $15 Qxf3+ 25. Rxf3) 24... Rd8 $19 25. Rf3
Qg4 26. f6 $2 (26. Qf1 {was worth a try.}) 26... gxf6 {( -> ...Rg8)} 27. exf6 {
[#]} (27. Qf1 $19 fxe5 28. b3) 27... Rg8 {Accuracy: White = 41%, Black = 58%.}
0-1

[Event "Marshall Chess Club IM 2020"]
[Site "New York"]
[Date "2020.02.29"]
[Round "6"]
[White "Noboa Silva, Kevin"]
[Black "Prilleltensky, Matan"]
[Result "0-1"]
[WhiteElo "2329"]
[BlackElo "2097"]
[Annotator "TA"]
[PlyCount "112"]
[EventDate "2020.02.27"]
[EventType "tourn"]
[EventCountry "USA"]
[SourceTitle "playchess.com"]
[Source "ChessBase"]
[SourceQuality "1"]

{[%evp 18,112,26,18,23,5,27,26,39,27,44,41,61,58,62,54,57,52,60,60,42,0,0,0,-1,
-1,0,-1,0,-611,-596,-732,-734,-737,-733,-738,-731,-704,-727,-720,-697,-774,
-746,-766,-687,-754,-724,-1306,-1308,-1204,-1103,-1679,-1618,-29957,-972,
-29968,-29969,-29969,-29970,-29971,-29971,-29971,-29970,-29969,-29967,-29968,
-29969,-29969,-29968,-29971,-29971,-29972,-29972,-29975,-29974,-29972,-29973,
-29974,-29975,-29975,-29976,-29976,-29977,-29977,-29978,-29978,-29973,-29972,
-29973,-29973,-29974,-29976,-29977,-29977,-29978,-29978,-29978]} 1. d4 d5 2. c4
c6 3. Nc3 Nf6 4. cxd5 cxd5 5. Bf4 Nc6 6. e3 a6 7. Bd3 Bg4 8. Nge2 e6 9. O-O Be7
10. Rc1 O-O {D10: Slav Defence: 3 cxd5 (without early Nf3) and 3 Nc3.} 11. Na4
Nd7 12. a3 Rc8 {White has an edge.} 13. b4 e5 14. dxe5 Ncxe5 15. Rxc8 Qxc8 16.
Bxe5 Nxe5 17. Nb6 $1 {[%cal Rb6c8]} Qe6 {[#]} 18. Nxd5 $1 {[%mdl 512]} Rd8 (
18... Qxd5 19. Bxh7+) 19. e4 {[#]} (19. Be4 $5 {[%cal Rf2f3]}) 19... Nf3+ $146
{[%mdl 512]} ({Predecessor:} 19... Bxb4 20. axb4 Nxd3 21. f3 Rxd5 22. exd5 Qe3+
23. Kh1 Bd7 24. Qc2 Nf2+ 25. Kg1 Nd3+ 26. Kh1 Nf2+ 27. Kg1 Ne4+ 28. Kh1 Nf2+
29. Kg1 Nh3+ 30. Kh1 Nf2+ {1/2-1/2 (30) Moutousis,K (2438)-Nikolaidis,I (2554)
Chania 2011}) 20. gxf3 Bxf3 21. Nxe7+ Qxe7 22. Qd2 {And now Qe3 would win.} Qh4
{( -> ...Qg4+)} 23. Rc1 $2 {[%mdl 8192] [#] Black converts the advantage
convincingly.} (23. Rb1 $11 Qg4+ 24. Ng3) 23... Bxe2 $1 $19 {[%mdl 64]
Overworked Piece} 24. Qxe2 {Rc7 is the strong threat.} Qg5+ {[%mdl 64] Double
Attack} 25. Kf1 Qxc1+ {[%mdl 4160] Endgame Double Attack. KQR-KQB} 26. Kg2 Qxa3
27. Bc4 Qxb4 28. Bd5 Qe7 {aiming for ...Rxd5!} 29. Qc4 Qd7 30. h3 Rc8 31. Qb3
Qe7 32. Qxb7 Qxb7 33. Bxb7 {KR-KB} Re8 34. Bxa6 Rxe4 35. Bd3 Rd4 (35... Rb4
$142 36. Kf3 g6 37. Be4 Kg7 38. Bd5 h5 39. Ke3 g5 40. Kf3 f5 41. Kg3 Kf6 42.
Kh2 h4 43. Kg2 Ke5 44. Bc6 g4 45. Kh2 Kf4 46. Kg2 Rb2 47. Kg1 gxh3 48. Ba4 Ra2
49. Bc6 Kg4 50. Kf1 h2 51. Ke1 {[#]} h1=Q+ $1 {[%mdl 512]} 52. Bxh1 Ra1+ 53.
Ke2 Rxh1 54. Kd3 h3 55. Kc3 h2 56. Kc4 Rc1+ 57. Kd5 h1=Q+ 58. f3+ Qxf3+ 59. Kd6
Qc6+ 60. Ke7 Qc7+ 61. Kf8 Re1 62. Kg8 Re8#) 36. Bc2 g6 {Black mates.} 37. Kg3
Kg7 38. Kg2 Kf6 39. Bb3 Rb4 40. Bd5 Rb5 41. Bc4 Rc5 42. Bb3 Rc7 43. Ba2 Ke5 44.
Bb3 Kf4 45. Bd5 f5 46. Bf3 Kg5 47. Kg3 Rc3 48. h4+ Kf6 49. Kf4 h6 50. Kg3 Ke5
51. Kg2 Kf4 52. Be2 Rc2 53. Bd1 {[#]} Rd2 $1 54. Bf3 h5 55. Bc6 Kg4 56. Be8 Rd6
{Accuracy: White = 67%, Black = 94%.} 0-1

[Event "Marshall Chess Club IM 2020"]
[Site "New York"]
[Date "2020.02.29"]
[Round "6"]
[White "Bonin, Jay"]
[Black "Yudasin, Leonid"]
[Result "1/2-1/2"]
[WhiteElo "2258"]
[BlackElo "2481"]
[Annotator "TA"]
[PlyCount "40"]
[EventDate "2020.02.27"]
[EventType "tourn"]
[EventCountry "USA"]
[SourceTitle "playchess.com"]
[Source "ChessBase"]
[SourceQuality "1"]

{[%evp 17,24,20,14,0,17,17,19,25,32]} 1. Nf3 Nf6 2. c4 e6 3. g3 b6 4. Bg2 Bb7
5. d4 Be7 6. Nc3 d5 7. cxd5 exd5 8. Bg5 O-O 9. O-O Nbd7 10. Ne5 {E18: Queen's
Indian: Old Main Line (4 g3 Bb7 5 Bg2 Be7 6 0-0 0-0 7 Nc3).} Ne4 11. Bxe7 Qxe7
12. Nxd7 Qxd7 {[#] A rather calm draw.} {Predecessor:} 13. Rc1 $146 Rac8 14.
Qd3 Rfe8 15. Rfe1 c5 16. dxc5 Nxc5 17. Qd2 Red8 18. b4 Ne6 19. Red1 d4 20. Ne4
h6 {1-0 (20) Djordjevic,B-Kovacevic,P (2016) Belgrade 2019} 1/2-1/2

[Event "Marshall Chess Club IM 2020"]
[Site "New York"]
[Date "2020.03.01"]
[Round "7"]
[White "Yudasin, Leonid"]
[Black "Lund, Silas"]
[Result "1/2-1/2"]
[WhiteElo "2481"]
[BlackElo "2340"]
[Annotator "TA"]
[PlyCount "23"]
[EventDate "2020.02.27"]
[EventType "tourn"]
[EventCountry "USA"]
[SourceTitle "playchess.com"]
[Source "ChessBase"]
[SourceQuality "1"]

{[%evp 12,23,16,4,6,4,13,8,2,0,0,0,6,10]} 1. e4 e5 2. Nf3 Nc6 3. Bb5 Nf6 4. d3
Bc5 5. O-O d6 6. c3 O-O 7. h3 {The position is equal.} Bb6 {C65: Ruy Lopez:
Berlin Defence (3...Nf6), unusual lines and 4 0-0 Bc5.} 8. Nbd2 Ne7 9. Nc4 Ng6
10. Nxb6 axb6 11. Re1 Bd7 {[#]} 12. Bxd7 $146 {An uneventful encounter.} ({
Predecessor:} 12. Bc4 Ba4 13. Bb3 Bxb3 14. Qxb3 Re8 15. Bd2 h6 16. Rad1 Qd7 17.
a3 Re6 18. c4 {1/2-1/2 (55) Kosintseva,T (2539)-Shen,Y (2453) Sochi 2009})
1/2-1/2

[Event "Marshall Chess Club IM 2020"]
[Site "New York"]
[Date "2020.03.01"]
[Round "7"]
[White "Cezila Jr, Rubens"]
[Black "Nestorovic, Nikola"]
[Result "0-1"]
[WhiteElo "2299"]
[BlackElo "2469"]
[Annotator "TA"]
[PlyCount "86"]
[EventDate "2020.02.27"]
[EventType "tourn"]
[EventCountry "USA"]
[SourceTitle "playchess.com"]
[Source "ChessBase"]
[SourceQuality "1"]

{[%evp 9,86,33,42,44,39,0,6,6,31,6,22,20,21,22,22,0,0,-1,0,0,18,0,-14,-32,0,0,
0,0,2,-23,8,-39,-22,-35,-21,-18,-11,-47,-11,-95,-99,-120,-117,-117,-118,-106,
-102,-144,-106,-171,-179,-183,-152,-254,-254,-254,-251,-268,-254,-289,-252,
-260,-253,-332,-345,-325,-270,-295,0,-314,-314,-375,-377,-416,-414,-558,-555,
-509,-523]} 1. e4 e5 2. Nf3 Nc6 3. Bb5 a6 4. Ba4 g6 5. O-O Bg7 6. c3 {C70: Ruy
Lopez: 3...a6 4 Ba4, Norwegian and Delayed Schliemann.} Nge7 7. d3 O-O 8. Re1 {
The position is equal.} d6 9. Nbd2 {[%cal Bb1d2,Bd2f1,Bf1e3][%mdl 32]} h6 (9...
b5 $5 {[%cal Rb5a4]} 10. Bb3 Bd7 $11) 10. Bb3 Kh8 11. Nf1 f5 {[#]} 12. Ne3 $146
({Predecessor:} 12. exf5 Nxf5 13. h3 Qf6 14. Be3 Bd7 15. Bd5 Nfe7 16. Bxc6 Bxc6
17. N1h2 Nf5 18. Qd2 Nxe3 19. Qxe3 {1/2-1/2 (75) Massoni,M (2381)-Vachier
Lagrave,M (2705) Bastia 2012}) 12... f4 13. Nf1 Bg4 14. h3 Bh5 15. N1h2 g5 16.
Be6 Rf6 17. Bg4 Bxg4 18. hxg4 Qd7 19. Nd2 Ng6 20. Qb3 Rff8 21. a4 a5 $36 {
[%mdl 2048] White is under pressure.} 22. Qb5 Nge7 23. f3 Ng8 24. b4 (24. b3
$11) 24... Ra6 $17 25. bxa5 Rxa5 26. Qb3 Rfa8 27. Nc4 R5a7 28. Qb5 b6 29. a5 {
[#]} (29. Bb2 $17) 29... Nf6 $1 $19 30. a6 Nb8 31. Rb1 (31. Na3 $17) 31... Qxb5
({Don't do} 31... Nxa6 32. Rd1 $19) 32. Rxb5 Nfd7 33. Nf1 Rxa6 34. Kf2 Nc6 35.
Ke2 Ra2+ 36. Nfd2 Nc5 37. Bb2 Na4 38. Rb3 Nc5 39. Rb5 R8a4 40. Rb1 Na7 41. Rb4
b5 42. Na3 Rxb4 43. cxb4 Na4 {Accuracy: White = 54%, Black = 79%.} 0-1

[Event "Marshall Chess Club IM 2020"]
[Site "New York"]
[Date "2020.03.01"]
[Round "7"]
[White "Fikiet, Alex"]
[Black "Sarkar, Justin"]
[Result "1/2-1/2"]
[WhiteElo "2217"]
[BlackElo "2373"]
[Annotator "RC"]
[PlyCount "65"]
[EventDate "2020.02.27"]
[EventType "tourn"]
[EventCountry "USA"]
[SourceTitle "playchess.com"]
[Source "ChessBase"]
[SourceQuality "1"]
[TimeControl "5400+30"]

1. d4 {[%emt 0:00:00]} g6 {[%emt 0:00:29]} 2. c4 {[%emt 0:00:16]} Bg7 {[%emt 0:
00:58]} 3. Nc3 {[%emt 0:00:18]} c5 {[%emt 0:02:24]} 4. d5 {[%emt 0:00:10]}
Bxc3+ {[%emt 0:00:33]} 5. bxc3 {[%emt 0:00:01]} f5 {[%emt 0:00:07]} 6. e4 {
[%emt 0:01:35]} fxe4 {[%emt 0:00:16]} 7. f3 {[%emt 0:00:24]} e5 {[%emt 0:04:35]
} 8. Qc2 {[%emt 0:14:24]} Nf6 {[%emt 0:01:12]} 9. fxe4 {[%emt 0:01:03]} d6 {
[%emt 0:01:18]} 10. Bd3 {[%emt 0:01:46]} O-O {[%emt 0:00:36]} 11. Nf3 {[%emt 0:
03:00]} Kg7 {[%emt 0:10:18]} 12. O-O {[%emt 0:02:49]} h6 {[%emt 0:00:35]} 13.
Qd2 {[%emt 0:06:39]} Ng8 {[%emt 0:00:43]} 14. Qf2 {[%emt 0:02:39]} Nd7 {
[%emt 0:04:04]} 15. g4 {[%emt 0:12:27]} Ndf6 {[%emt 0:13:46]} 16. h3 {[%emt 0:
04:20]} h5 {[%emt 0:03:20]} 17. g5 {[%emt 0:00:28]} Ne8 {[%emt 0:09:19]} 18.
Qg3 {[%emt 0:00:17]} Qe7 {[%emt 0:03:41]} 19. Bd2 {[%emt 0:01:08]} Bd7 {
[%emt 0:02:55]} 20. Rf2 {[%emt 0:01:45]} Nc7 {[%emt 0:07:53]} 21. Raf1 {
[%emt 0:01:47]} Rf7 {[%emt 0:01:32]} 22. Nh4 {[%emt 0:01:59]} Rxf2 {[%emt 0:00:
38]} 23. Rxf2 {[%emt 0:00:12]} Rf8 {[%emt 0:12:33]} 24. Nf5+ {[%emt 0:01:47]}
gxf5 {[%emt 0:00:07]} 25. exf5 {[%emt 0:00:01]} Bxf5 {[%emt 0:01:42]} 26. Rxf5
{[%emt 0:05:15]} Rxf5 {[%emt 0:01:30]} 27. Bxf5 {[%emt 0:00:01]} Qf7 {[%emt 0:
00:41]} 28. Be4 {[%emt 0:01:49]} Ne8 {[%emt 0:13:31]} 29. Qe3 {[%emt 0:16:09]}
Ne7 {[%emt 0:00:47]} 30. Bd3 {[%emt 0:06:57]} Nf5 {[%emt 0:00:42]} 31. Qf3 {
[%emt 0:01:54]} Kg6 {[%emt 0:01:08]} 32. Bc2 {[%emt 0:01:48]} Neg7 {[%emt 0:00:
12]} 33. Qf1 {[%emt 0:00:50]} 1/2-1/2

[Event "Marshall Chess Club IM 2020"]
[Site "New York"]
[Date "2020.03.01"]
[Round "7"]
[White "Hallaeva, Bahar"]
[Black "Noboa Silva, Kevin"]
[Result "0-1"]
[WhiteElo "2170"]
[BlackElo "2329"]
[Annotator "TA"]
[PlyCount "65"]
[EventDate "2020.02.27"]
[EventType "tourn"]
[EventCountry "USA"]
[SourceTitle "playchess.com"]
[Source "ChessBase"]
[SourceQuality "1"]

{[%evp 17,65,35,35,17,31,14,58,36,48,53,39,43,52,32,114,0,0,0,0,0,0,-21,-18,
-102,-100,-95,-94,-87,-95,-110,-113,-181,-187,-172,-172,-189,-193,-405,-391,
-357,-335,-1266,-1043,-1039,-985,-29986,-29987,-29987,-29988,-29993]} 1. e4 e6
2. d4 d5 3. exd5 exd5 4. Bd3 Nc6 5. c3 Bd6 6. Qf3 Nge7 7. Ne2 Be6 8. Bf4 Ng6 9.
Bxd6 Qxd6 10. Nd2 {C01: French: Exchange Variation.} O-O-O 11. O-O {[#]} Rhe8
$146 ({Predecessor:} 11... Nge7 12. Qf4 h6 13. Qxd6 Rxd6 14. Nf4 Bf5 15. Be2 g5
16. Nh5 Ng8 17. Ng3 Bh7 {0-1 (53) Selvik,E (1422)-Suarez Gomez,P (1547)
Bratislava 2019}) 12. b4 {White is slightly better.} Qd7 {And now ...Bg4 would
win.} 13. h3 Nh4 14. Qh5 Bf5 15. Bb5 g5 ({Better is} 15... a6 $14 16. Bxc6 Qxc6
) 16. Qxg5 (16. g4 $1 $16) 16... Nxg2 $1 $11 17. Qxg2 Bxh3 18. Qh2 $1 {Black
must now prevent Rfe1.} Rg8+ $1 19. Ng3 {Rfe1 is the strong threat.} h5 $1 20.
Rfe1 (20. Nb3 $11 {remains equal.} h4 {[%mdl 64] Pin} 21. Nc5 hxg3 22. fxg3)
20... h4 $17 {[%mdl 64] Pin} 21. Bxc6 bxc6 22. Re3 hxg3 23. fxg3 Rh8 24. Rae1 {
[#]} (24. Qf2 $17) 24... Rdg8 $1 $19 25. Qf2 {[#]} Qd6 $1 26. Rf3 Kb8 27. Nb3
$2 (27. a4 {might work better.}) 27... Qh6 {Threatens to win with ...Bg4.} 28.
Rf6 Qh4 29. Re3 $2 {[#]} (29. Rf3 Qh5 30. Re5) 29... Bf5 $1 {[%csl Gh8][%cal
Rh4h1][%mdl 512]} 30. Re8+ (30. Qxf5 Qh1+) 30... Bc8 {( -> ...Qh1#)} 31. Rxc8+
Kxc8 {[%csl Gh8][%cal Rh4h1]} 32. Kf1 Rxg3 33. Ke2 {Accuracy: White = 48%,
Black = 85%.} 0-1

[Event "Marshall Chess Club IM 2020"]
[Site "New York"]
[Date "2020.03.01"]
[Round "7"]
[White "Prilleltensky, Matan"]
[Black "Bonin, Jay"]
[Result "1/2-1/2"]
[WhiteElo "2097"]
[BlackElo "2258"]
[Annotator "TA"]
[PlyCount "41"]
[EventDate "2020.02.27"]
[EventType "tourn"]
[EventCountry "USA"]
[SourceTitle "playchess.com"]
[Source "ChessBase"]
[SourceQuality "1"]

{[%evp 9,41,29,61,56,50,31,56,66,82,64,90,89,137,133,274,263,260,247,245,184,
195,174,202,190,316,203,188,187,447,253,337,285,282,240]} 1. d4 Nf6 2. c4 e6 3.
Nc3 Bb4 4. f3 Nh5 5. Nh3 f5 6. e3 {E20: Nimzo-Indian: 4 g3 and 4 f3.} O-O 7.
Bd3 (7. Bd2 {with more complications.} Nc6 8. a3 Bd6 9. g3 b6 10. Nf2) 7... Nc6
8. O-O {White is slightly better.} Bxc3 9. bxc3 {[#]} b6 $146 ({Predecessor:} 
9... d6 10. Qe2 Qh4 11. Bd2 e5 12. Be1 Qe7 13. f4 e4 14. Bc2 g6 15. Bb3 {
1/2-1/2 (15) Wilbrandt,S (2115)-Jakobsen,P (2182) Denmark 2017}) 10. e4 f4 11.
e5 {Hoping for Qc2.} Ba6 (11... Qh4 $16 12. Rb1 g6) 12. Qc2 $18 Kh8 13. Bxh7
Bxc4 14. Rd1 Ne7 15. Be4 Rb8 16. Qf2 {[#] Threatens to win with Qh4!} g5 (16...
Nf5 $142 17. Nxf4 Nxf4 18. Bxf4 g5) 17. Nxg5 {aiming for Qh4!} Nf5 18. Nh3 Nh4
$2 (18... Qh4 19. a4 Rf7) 19. Kh1 (19. g4 $142) 19... Bd5 20. Bxd5 exd5 21. Rg1
{Black got outplayed after the opening. Accuracy: White = 66%, Black = 30%.}
1/2-1/2

[Event "Marshall Chess Club IM 2020"]
[Site "New York"]
[Date "2020.03.01"]
[Round "8"]
[White "Nestorovic, Nikola"]
[Black "Noboa Silva, Kevin"]
[Result "0-1"]
[WhiteElo "2469"]
[BlackElo "2329"]
[Annotator "TA"]
[PlyCount "115"]
[EventDate "2020.02.27"]
[EventType "tourn"]
[EventCountry "USA"]
[SourceTitle "playchess.com"]
[Source "ChessBase"]
[SourceQuality "1"]

{[%evp 16,115,10,6,6,11,12,-18,-8,-35,0,0,2,-7,7,8,20,19,34,17,18,20,29,15,10,
-27,-33,-36,70,69,0,-304,-302,-313,-295,-260,-282,-335,-319,-349,-345,-335,
-317,-315,-315,-300,-210,-331,-129,-110,0,0,0,-296,-272,-388,-361,-395,-346,
-422,-409,-422,-422,-406,-110,-618,-564,-782,-782,-735,-405,-323,-369,-516,
-510,-624,-575,-656,-647,-647,-647,-712,-717,-741,-733,-728,-725,-747,-308,
-291,0,-759,-755,-814,-781,-899,-899,-896,-877,-957,-979,-968]} 1. d4 e6 2. Nf3
Nf6 3. Nbd2 Be7 4. e3 b6 5. Bd3 Bb7 6. O-O O-O 7. b3 d6 8. Bb2 c5 9. Qe2 cxd4 {
A47: 1 d4 Nf6 2 Nf3 b6: Torre, London and Colle Systems.} 10. exd4 Nbd7 {
[%cal Bb8d7,Bd7f6,Bf6e4,Be4c5][%mdl 32]} 11. a4 Nd5 {[#] The position is equal.
} 12. Be4 $146 ({Predecessor:} 12. Bc4 Nf4 13. Qe3 Bg5 14. Nxg5 Qxg5 15. Qg3
Qf5 16. f3 d5 17. Bb5 a6 18. Bd3 Nxd3 19. cxd3 Qxd3 {0-1 (45) Sourgkounis,A 
(1916)-Tsakiris,H (2162) Achaia 2013}) 12... Nf4 13. Qe3 Bxe4 14. Nxe4 Nd5 15.
Qd2 N7f6 16. Ng3 a5 17. c4 Nb4 18. d5 e5 19. Nf5 {Hoping for Qg5!} Ne4 20. Qe3
Nc5 $36 {[%mdl 2048] Black is more active.} 21. Rad1 Re8 (21... Bf6 $15) 22.
Nxe5 $1 $14 dxe5 23. Nxg7 $2 {[%mdl 8192]} (23. f4 $1 $11 {and White is okay.})
23... Kxg7 $19 24. Qxe5+ f6 25. Qg5+ Kf7 $1 26. Qh5+ Kg8 27. Rd4 {Intending
Rg4+ and mate.} Bf8 28. Rg4+ Bg7 29. Rh4 h6 30. Rg4 {intending Qg6!} Kf8 {
And now ...Nbd3 would win.} (30... Nxb3 31. Qg6 $1 $11 {[%mdl 512]}) 31. Qg6 (
31. Bc1 $142 Re5 32. Qg6) 31... Qe7 $2 (31... Ra7 $19 {is more deadly.
Threatens to win with ...Nbd3.} 32. Bc1 f5 33. Qxf5+ Rf7) 32. Bc1 $17 Qf7 (
32... h5 $1 $17 {[%cal Rh5g4]} 33. Qxh5 Qd7) 33. Qh7 $1 $11 Qg8 34. Qg6 $2 {
[%mdl 8192]} (34. Rxg7 $1 $11 Qxh7 35. Rxh7) 34... Qh8 35. Rh4 (35. Rg3 {
was necessary.}) 35... Nbd3 $19 36. Be3 Re5 37. d6 {[%cal Rh4h6]} Rd8 38. Rxh6
Qg8 39. Rh7 {[#] Black must now prevent Rxg7!} Rd7 $2 ({Not} 39... Rxd6 {[#]}
40. Rxg7 $1 {[%mdl 512]} Qxg7 41. Bh6 $11) (39... Rxe3 $1 $19 {has better
winning chances.} 40. fxe3 Rxd6) 40. h4 $2 {[%mdl 8192]} (40. Bh6 $17) 40...
Re6 41. h5 Ne5 42. Qf5 Rexd6 {...Nf3+! is the strong threat.} 43. h6 Bh8 ({
Don't go for} 43... Nxb3 $2 44. hxg7+ Ke7 45. Rh8 $18) 44. Rxd7 Ncxd7 (44...
Nexd7 $2 45. Bxc5 Nxc5 46. Qc8+ Kf7 47. Qc7+ Rd7 48. Qxb6 $19) 45. h7 Qg6 46.
Qh3 Ng4 47. Bf4 Rd4 48. Bc1 Kg7 49. f3 Nge5 50. f4 Rd3 51. Qe6 Qf7 (51... Nf7
$142 52. Re1 Nc5 53. Qxb6 Nxb3) 52. Qf5 Qg6 53. Qe6 $1 {[%cal Re6g8] Strongly
threatening Qg8+.} Nf7 {Black is clearly winning.} 54. Qe8 Qxh7 55. f5 Qh4 56.
Bf4 Qg4 57. Qe4 Nc5 58. Qe1 {Accuracy: White = 58%, Black = 67%.} 0-1

[Event "Marshall Chess Club IM 2020"]
[Site "New York"]
[Date "2020.03.01"]
[Round "8"]
[White "Sarkar, Justin"]
[Black "Yudasin, Leonid"]
[Result "1/2-1/2"]
[WhiteElo "2373"]
[BlackElo "2481"]
[Annotator "TA"]
[PlyCount "38"]
[EventDate "2020.02.27"]
[EventType "tourn"]
[EventCountry "USA"]
[SourceTitle "playchess.com"]
[Source "ChessBase"]
[SourceQuality "1"]

{[%evp 15,20,22,28,28,28,31,32]} 1. d4 d5 2. c4 e6 3. Nc3 Nf6 4. Bg5 Be7 5. e3
O-O 6. Nf3 Nbd7 7. Qc2 c6 8. Rc1 b6 9. cxd5 {D64: Queen's Gambit Declined:
Classical: 7 Rc1 c6 8 Qc2.} cxd5 10. Bd3 Bb7 {[#]} {Predecessor:} 11. O-O $146
Rc8 12. Qb1 h6 13. Bf4 a6 14. a4 Nh5 15. Be5 Nhf6 16. Bg3 Nh5 17. Be5 Nhf6 18.
Bg3 Nh5 19. Be5 Nhf6 {1/2-1/2 (19) Rogozenco,D (2509)-Jaracz,P (2499) Czechia
2015} 1/2-1/2

[Event "Marshall Chess Club IM 2020"]
[Site "New York"]
[Date "2020.03.01"]
[Round "8"]
[White "Lund, Silas"]
[Black "Prilleltensky, Matan"]
[Result "1-0"]
[WhiteElo "2340"]
[BlackElo "2097"]
[Annotator "TA"]
[PlyCount "73"]
[EventDate "2020.02.27"]
[EventType "tourn"]
[EventCountry "USA"]
[SourceTitle "playchess.com"]
[Source "ChessBase"]
[SourceQuality "1"]

{[%evp 12,73,29,36,30,24,24,0,3,-6,15,0,28,27,20,40,68,-57,-43,-90,82,80,86,59,
68,59,57,56,63,63,114,120,108,104,110,54,183,166,168,149,168,135,395,391,400,
411,1642,1630,1410,1105,1527,1524,29972,29972,29987,29988,29984,29985,29991,
29992,29993,29994,29998,29998]} 1. d4 d5 2. c4 c6 3. Nf3 Nf6 4. e3 Bf5 5. Nc3
e6 6. Nh4 Be4 {is now more promising than 6...Bg6. Played by Xiangzhi Bu in
December 2019.} 7. f3 Bg6 {D12: Slav Defence: 3 Nf3 Nf6 4 e3 Bf5.} 8. Nxg6 hxg6
9. g3 Bd6 {The position is equal.} 10. f4 Nbd7 11. c5 Be7 12. b4 {[#]} O-O $146
({Predecessor:} 12... g5 13. Bd3 gxf4 14. exf4 b6 15. Rb1 Rb8 16. Qa4 Qc7 17.
a3 bxc5 18. bxc5 Rxb1 19. Nxb1 {1-0 (36) Afanasiev,N (2524)-Mullick,R (2252)
Voronezh 2019}) 13. Bd2 b6 14. Bd3 ({White should try} 14. Ba6 $14) 14... a5
$15 (14... bxc5 $6 15. bxc5 Rb8 16. O-O $16) 15. a3 {[%cal Ba2a3,Ba3b4][%mdl
32]} Qc7 $2 (15... axb4 $17 {keeps the pressure on.} 16. axb4 Rxa1 17. Qxa1
bxc5 18. bxc5 Nxc5 $1 {[%mdl 512]} 19. dxc5 d4 20. exd4 Qxd4 {[%mdl 64] Double
Attack}) 16. O-O $16 Ne8 17. g4 axb4 18. axb4 Rxa1 19. Qxa1 g5 20. Qe1 gxf4 (
20... Bf6 $14) 21. exf4 Bf6 22. Ne2 {g5 is the strong threat.} g6 23. Rf3 (23.
f5 $16 {Strongly threatening fxe6.} exf5 24. gxf5) 23... Kg7 (23... Ng7 $14)
24. g5 $18 {Hoping for f5.} Be7 25. f5 exf5 {[%cal Rb6c5] [#]} 26. Bxf5 $1 {
[%mdl 512]} bxc5 $2 {[%mdl 8192] This costs Black the game.} ({But not} 26...
gxf5 $2 27. Ng3 $18) (26... Qd8 $16 {might work better.}) 27. Nf4 Qd8 {[#]} 28.
Bxg6 $1 {[%mdl 512]} Bd6 (28... Bxg5 $142 29. Rg3 Qe7 30. Qxe7 Bxe7 31. Bf5+
Kh8 32. Rh3+ Kg8 33. Bxd7 cxb4) (28... fxg6 29. Ne6+) 29. Nh5+ Kg8 30. Bc2 cxd4
{[#]} 31. Nf6+ $1 {[%mdl 512]} Nexf6 (31... Ndxf6 32. gxf6) 32. gxf6 {White
mates.} Ne5 33. Qg3+ Ng6 {[#]} 34. Qg5 $1 {[%mdl 512]} Re8 35. Bxg6 Bxh2+ 36.
Kh1 Re5 37. Bf5+ {Accuracy: White = 81%, Black = 47%.} 1-0